La nueva ley de alquileres (Registro nro. 31885)

Detalles MARC
000 -LEADER
fixed length control field 00313 a2200109 4500
001 - CONTROL NUMBER
control field ART_51025
005 - DATE AND TIME OF LATEST TRANSACTION
control field 20260410162008.0
008 - FIXED-LENGTH DATA ELEMENTS--GENERAL INFORMATION
fixed length control field 260409a
100 1# - MAIN ENTRY--PERSONAL NAME
Personal name Humphreys, Ethel
245 10 - TITLE STATEMENT
Title La nueva ley de alquileres
773 0# - HOST ITEM ENTRY
Title Temas de derecho civil
Related parts - Año 6, N° 7 (jul. 2020)
Record control number REV34778

No hay ítems disponibles.